000 00282nam a2200121Ia 4500
008 241002s9999 xx 000 0 und d
082 _a741.5 OGI
100 _aOgilvy, David
245 0 _aConfession of an advertising man
260 _aLondon:
_c1963
600 _aArt
942 _cUC
999 _c18745
_d18745